000 00375nam a22001577a 4500
003 SGT
020 _a9780688025724
082 _a700
_bA85C
100 _aCOOK, HAL
245 _aARRANGING :THE BASICS OF CONTEMPORARY FLORAL DESIGN
250 _a1ST
260 _aNEW YORK
_bWILLIAN MORROW AND CO.
_c1985
300 _a174
650 _aMASS COMMUNICATION
942 _2ddc
_cBK
999 _c12805
_d12805